000 00370nam a2200145 i 4500
001 bg
100 1 _aBARSKY, Brian A.
245 0 _aCamputer graphics and geometric modeling using Beta-splines /
_cBrian A. Barsky.
260 _aBerlin,
_c1988.
040 _cBPK
041 _apol
080 _a681.322:744
942 _cKS
008 s pl f |000 0 pol
999 _c28728
_d28728
856 _uhttp://koha.tu.koszalin.pl/cgi-bin/koha/opac-detail.pl?biblionumber=28728
_yKatalog online BPK